Lejnieks, Jānis, 1951-. Rīga, kuras nav. - Rīga : Zinātne. - 1998 [Rezension]
| Titel: | Lejnieks, Jānis, 1951-. Rīga, kuras nav. - Rīga : Zinātne. - 1998 [Rezension] |
|---|---|
| Verfasser: | |
| In: |
Jahrbuch des baltischen Deutschtums, Band 47 (1999), Seite 201 alle Artikel anzeigen |
| Veröffentlicht: | 1999 [2000] |
| Format: | Aufsatz |
| Sprache: | Deutsch |
X
alg: 39516076 001A $01999:12-11-16 001B $01999:09-08-21 $t17:41:32.000 001D $01999:12-11-16 001U $0utf8 001X $00 002@ $0Aox 003@ $0395160766 007A $0395160766 $aHEB 007T $0Herde02544 010@ $ager 011@ $a1999 $n1999 [2000] 021A $aLejnieks, Jānis, 1951-. Rīga, kuras nav. - Rīga : Zinātne. - 1998 [Rezension] 028A $aHirschheydt $dHarro von 031A $d47 $h201 $j1999 039B $aIn $8--Abvc--. Jahrbuch des baltischen Deutschtums. - Lüneburg : Carl-Schirren-Ges., 1927-2012. - ISSN 0075-2436 $x199900000470000799 $9047351179 039T $8--Aau--Lejnieks, Jānis$Z1951- [Tp3]. Rīga, kuras nav. - Rīga : Zinātne, 1998. - 397 S.. - Ill., Kt.. - ISBN 5-7966-1191-7 $9061247367 045F $a900.94796 $eDDC23BSB 045F/01 $a900 045F/03 $g4796 045T $a7,41 $a7,44 045T $aGER $qDE-30 $2FID lok: 39516076 78 exp: 39516076 78 1 #EPN 201B/01 $018-11-16 $t13:56:02.000 201U/01 $0utf8 203@/01 $0791465241 208@/01 $a12-11-16 $be 209A/01 $a/ $f000 $x00 220C/01 $aTitelaufnehmer: pk 220C/01 $aHerkunft: Baltische Bibliographie / P. Kaegbein 244Z/01 $2Trx $#Latvija $#Lettland $#Łotwa $#Lotyšsko $8--Trx--Latvija $x01 $9391275879 244Z/01 $2Trx $#arvustused $#recenzijos $#Reviews $#recenziók $#recenzje $#recenzie $#recenze $8--Trx--Rezensionen $x02 $9391357441 247C/01 $82080>Marburg/Lahn, Herder-Institut, Forschungsbibliothek, Bibliographieportal $9336309341
| LEADER | 00000caa a22000002c 4500 | ||
|---|---|---|---|
| 001 | 395160766 | ||
| 003 | DE-603 | ||
| 005 | 20210809174132.0 | ||
| 007 | tu | ||
| 008 | 161112s1999 xx |||| | u00||u|ger c | ||
| 035 | |a (DE-599)HEB395160766 | ||
| 040 | |a DE-603 |b ger |c DE-603 |d DE-603 | ||
| 041 | |a ger | ||
| 082 | 0 | 4 | |8 1\u |a 900.94796 |q DE-101 |2 23/BSB |
| 084 | |a 7,41 |a 7,44 |2 ssgn | ||
| 084 | |a GER |q DE-30 |2 fid | ||
| 085 | |8 1\u |b 900 | ||
| 085 | |8 1\u |z 2 |s 4796 | ||
| 100 | 1 | |a Hirschheydt, Harro von | |
| 245 | 0 | 0 | |a Lejnieks, Jānis, 1951-. Rīga, kuras nav. - Rīga : Zinātne. - 1998 [Rezension] |
| 264 | 0 | |c 1999 [2000] | |
| 773 | 0 | 8 | |i In |t Jahrbuch des baltischen Deutschtums |d Lüneburg : Carl-Schirren-Ges., 1927-2012 |x 0075-2436 |g Band 47 (1999), Seite 201 |w (DE-603)047351179 |w (DE-600)217235-5 |
| 787 | 0 | 8 | |i Rezension von |a Lejnieks, Jānis, 1951- |t Rīga, kuras nav |d Rīga : Zinātne, 1998 |h 397 S., Ill., Kt. |z 5796611917 |w (DE-603)061247367 |
| 924 | 0 | |9 2080 |a (DE-603)791465241 |b DE-2080 |c HES |d d |g / | |


